000 00246nam a2200097Ia 4500
001 640740
005 20250826153453.0
008 250824s9999 xx 000 0 und d
245 0 _aNEREDEN NEREYE BULUŞLAR
_cANNA CLAYBOURNE
260 _bGENÇ TİMAŞ
999 _c640740
_d640740